Science Fiction Shows by Picture - Statistics

General Stats
  • This quiz has been taken 169 times
  • The average score is 14 of 30
Answer Stats
Picture Answer % Correct
Star Trek
98%
Doctor Who
89%
Futurama
88%
Rick and Morty
82%
Lost
81%
The Mandalorian
81%
The X-Files
75%
Stranger Things
72%
The Handmaid's Tale
67%
The Twilight Zone
65%
Star Gate SG-1
56%
Battlestar Galactica
54%
Lost In Space
49%
Star Trek: Deep Space Nine
47%
Andor
45%
The Six-Million Dollar Man
45%
FireFly
44%
Quantum Leap
38%
Westworld
35%
Babylon 5
30%
Red Dwarf
30%
V
30%
Man in the High Castle
24%
Farscape
21%
Black Mirror
20%
Fringe
18%
Orphan Black
16%
The Hitchhiker's Guide to the Galaxy
16%
The Outer Limits
14%
The Expanse
12%
No matching quizzes found
Score Distribution
Percent of People with Each Score
Percentile by Number Answered
Your Score History
You have not taken this quiz